000 00324nam a22001337a 4500
008 171023b xxu||||| |||| 00| 0 eng d
020 _a0127432604
041 _aeng
080 _22ND
_a311
100 _a55
101 _aSTA
245 _aINTRODUCTORY STATISTICS FOR THE BEHAVIORAL SCIENCES
_cWELKOWITZ,J
942 _2udc
_cBK
999 _c35562
_d35562